[Event "Bergen Sommer op"]
[Site "Bergen"]
[Date "2017.07.29"]
[Round "2"]
[White "Larsen, Stig Borje"]
[Black "Dyrhovden, Sigve"]
[Result "1-0"]
[WhiteElo "1888"]
[BlackElo "1850"]
[PlyCount "81"]
[EventDate "2017.07.28"]
[EventType "swiss"]
[EventRounds "5"]
[EventCountry "NOR"]
[SourceTitle "CBM 179 Extra"]
[Source "ChessBase"]
[SourceDate "2017.08.23"]
[SourceVersion "1"]
[SourceVersionDate "2017.08.23"]
[SourceQuality "1"]

1. e4 c6 2. d4 d5 3. exd5 cxd5 4. Bd3 Nc6 5. c3 Nf6 6. Bf4 Bg4 7. Qb3 Qc8 8. Nd2 e6 9. Ngf3 Bh5 10. Ne5 Be7 11. Ndf3 Nxe5 12. Nxe5 0-0 13. 0-0 Nd7 14. Rae1 Nxe5 15. Bxe5 Bg6 16. Bxg6 hxg6 17. Bg3 a6 18. Qd1 Qc4 19. a3 b5 20. Re3 a5 21. h4 Bf6 22. h5 g5 23. f4 b4 24. axb4 axb4 25. fxg5 Bxg5 26. Ref3 bxc3 27. bxc3 Qc6 28. Qe2 f6 29. Be1 Ra4 30. Rg3 Qc4 31. Qxe6+ Kh8 32. Rxg5 Qxf1+ 33. Kxf1 fxg5+ 34. Kg1 Ra1 35. Kh2 Rf1 36. Qe8+ Kh7 37. Qg6+ Kh8 38. h6 gxh6 39. Qxh6+ Kg8 40. Qxg5+ Kf7 41. Qxd5+ 1-0

[Event "Bergen NGP op"]
[Site "Bergen"]
[Date "2013.05.31"]
[Round "1"]
[White "Dyrhovden, Sigve"]
[Black "Haldorsen, Benjamin"]
[Result "1/2-1/2"]
[WhiteElo "1549"]
[BlackElo "1900"]
[PlyCount "48"]
[EventDate "2013.05.31"]
[EventType "swiss"]
[EventRounds "5"]
[EventCountry "NOR"]
[SourceTitle "CBM 154 Extra"]
[Source "ChessBase"]
[SourceDate "2013.06.25"]
[SourceVersion "2"]
[SourceVersionDate "2013.06.25"]
[SourceQuality "1"]

1. d4 Nf6 2. Nf3 g6 3. g3 Bg7 4. Bg2 0-0 5. 0-0 d6 6. c4 Nc6 7. Nc3 a6 8. d5 Na5 9. Nd2 c5 10. e4 Rb8 11. Qe2 Ne8 12. f4 b5 13. Re1 e5 14. dxe6 fxe6 15. e5 dxe5 16. fxe5 Qd4+ 17. Qe3 Bxe5 18. Nf3 Nxc4 19. Nxd4 Bxd4 20. Qxd4 cxd4 21. Ne4 Bb7 22. Nc5 Bxg2 23. Kxg2 Nf6 24. b3 Ne3+ 1/2-1/2

[Event "Bergen NGP op"]
[Site "Bergen"]
[Date "2013.05.31"]
[Round "2"]
[White "Sivertsen, Tom Andre"]
[Black "Dyrhovden, Sigve"]
[Result "1/2-1/2"]
[WhiteElo "1435"]
[BlackElo "1549"]
[PlyCount "91"]
[EventDate "2013.05.31"]
[EventType "swiss"]
[EventRounds "5"]
[EventCountry "NOR"]
[SourceTitle "CBM 154 Extra"]
[Source "ChessBase"]
[SourceDate "2013.06.25"]
[SourceVersion "2"]
[SourceVersionDate "2013.06.25"]
[SourceQuality "1"]

1. d4 Nf6 2. c4 e6 3. Nc3 d5 4. e3 Be7 5. Nf3 0-0 6. Be2 dxc4 7. Bxc4 Bb4 8. 0-0 Bxc3 9. bxc3 b6 10. Bb2 Bb7 11. Bb3 Nbd7 12. Re1 c5 13. Nd2 cxd4 14. cxd4 b5 15. Rc1 Ne4 16. Nxe4 Bxe4 17. f3 Bb7 18. Qe2 Qb6 19. Kh1 Rfc8 20. e4 Rxc1 21. Rxc1 Rc8 22. Qd2 Rxc1+ 23. Qxc1 Qc6 24. Qxc6 Bxc6 25. Kg1 Nb6 26. Kf2 Kf8 27. Bc3 Nc4 28. Ke2 Ke7 29. Kd3 Nb6 30. g4 f6 31. h4 g5 32. hxg5 fxg5 33. Bd2 h6 34. f4 Nc4 35. Bxc4 bxc4+ 36. Kxc4 Bxe4 37. fxg5 hxg5 38. Bxg5+ Kd6 39. Bf4+ Kc6 40. a3 Bf3 41. g5 Be4 42. Kc3 Kd5 43. Be5 a6 44. Kb4 Kc6 45. Kc3 Kd5 46. Kb4 1/2-1/2

[Event "NOR-chT West 1Div Nord 1011"]
[Site "Norway"]
[Date "2010.11.07"]
[Round "1"]
[White "Dyrhovden, Sigve"]
[Black "Satre, Mathias"]
[Result "1/2-1/2"]
[WhiteElo "1551"]
[BlackElo "1493"]
[PlyCount "92"]
[EventDate "2010.11.06"]
[EventType "team"]
[EventRounds "5"]
[EventCountry "NOR"]
[SourceTitle "EXT 2015"]
[Source "ChessBase"]
[SourceDate "2014.11.20"]
[SourceVersion "1"]
[SourceVersionDate "2014.11.20"]
[SourceQuality "1"]

1. d4 Nf6 2. Bg5 g6 3. Bxf6 exf6 4. e3 Bg7 5. g3 0-0 6. Bg2 d6 7. Ne2 c6 8. 0-0 Be6 9. d5 Bd7 10. dxc6 Bxc6 11. Nbc3 f5 12. Qd2 Qc7 13. Nd5 Bxd5 14. Bxd5 Nc6 15. c3 Ne5 16. Rab1 Rad8 17. Bg2 Nc4 18. Qd5 Rd7 19. Rfd1 Re8 20. Qb5 a6 21. Qb3 b5 22. Nf4 Re5 23. Nd5 Qc5 24. Rd3 a5 25. Rbd1 a4 26. Qc2 a3 27. bxa3 Qxa3 28. Rb1 Qc5 29. Qb3 Na3 30. Rbd1 Nc4 31. Nf4 Ra7 32. Rd5 Rxd5 33. Rxd5 Qa3 34. Qxb5 Qxa2 35. Qb8+ Bf8 36. Qb5 Ra5 37. Qc6 Nd2 38. h4 Qb1+ 39. Kh2 Ra2 40. Rb5 Qd1 41. Rb8 Nf1+ 42. Bxf1 Qxf1 43. Nh3 Qe1 44. Qe8 Rxf2+ 45. Nxf2 Qxf2+ 46. Kh3 Qf1+ 1/2-1/2

[Event "Bergen Sommer op"]
[Site "Bergen"]
[Date "2010.08.06"]
[Round "6"]
[White "Dyrhovden, Sigve"]
[Black "Strand, Oyvin"]
[Result "0-1"]
[WhiteElo "1891"]
[BlackElo "1939"]
[PlyCount "86"]
[EventDate "2010.08.01"]
[EventType "swiss"]
[EventRounds "6"]
[EventCountry "NOR"]
[SourceTitle "EXT 2012"]
[Source "ChessBase"]
[SourceDate "2011.11.24"]
[SourceVersion "1"]
[SourceVersionDate "2011.11.24"]
[SourceQuality "1"]

1. d4 d5 2. c4 e6 3. cxd5 exd5 4. Nc3 f5 5. Nf3 Nf6 6. Bg5 Be7 7. e3 0-0 8. Bd3 c6 9. Qc2 Ne4 10. Bxe7 Qxe7 11. 0-0 Nd7 12. Rae1 Qd6 13. Nd2 Ndf6 14. f3 Nxd2 15. Qxd2 Be6 16. Bb1 Rad8 17. Na4 b6 18. b4 Nd7 19. Rc1 Ra8 20. Bc2 a5 21. bxa5 Rxa5 22. Nxb6 Rxa2 23. Nxd7 Bxd7 24. Ra1 Rfa8 25. Rxa2 Rxa2 26. Rb1 c5 27. Qc3 c4 28. e4 Ra3 29. Qe1 dxe4 30. fxe4 Qxd4+ 31. Kh1 f4 32. Rd1 Qa7 33. Qb4 Be6 34. Rd8+ Kf7 35. Qf8+ Kg6 36. e5+ Kg5 37. h4+ Kg4 38. Bd1+ Kg3 39. Qb4 Qe3 40. Qd2 Rd3 41. Rxd3 cxd3 42. Qc3 d2 43. Qxe3+ fxe3 0-1

[Event "Bergen Sommer op"]
[Site "Bergen"]
[Date "2010.08.03"]
[Round "3"]
[White "Dyrhovden, Sigve"]
[Black "Muhseen, Abdulla Mohammed"]
[Result "0-1"]
[WhiteElo "1891"]
[BlackElo "2204"]
[PlyCount "70"]
[EventDate "2010.08.01"]
[EventType "swiss"]
[EventRounds "6"]
[EventCountry "NOR"]
[SourceTitle "EXT 2012"]
[Source "ChessBase"]
[SourceDate "2011.11.24"]
[SourceVersion "1"]
[SourceVersionDate "2011.11.24"]
[SourceQuality "1"]

1. d4 Nf6 2. Nf3 g6 3. g3 Bg7 4. Bg2 0-0 5. 0-0 d6 6. Re1 c6 7. e4 Bg4 8. b3 Qd7 9. Bb2 Na6 10. a3 Rad8 11. Qd3 Nh5 12. Nbd2 Bh3 13. Bh1 Nc5 14. Qe3 Ne6 15. e5 d5 16. c4 Nef4 17. Qc3 Bh6 18. b4 dxc4 19. Nxc4 Nd5 20. Qc2 Bf5 21. Qd1 Ng7 22. Bc1 Bxc1 23. Rxc1 Ne6 24. Ne3 Be4 25. Nh4 Bxh1 26. Kxh1 Nb6 27. Nf3 Nxd4 28. Nxd4 Qxd4 29. Qxd4 Rxd4 30. Rcd1 Rfd8 31. Rxd4 Rxd4 32. e6 f5 33. Re2 Kg7 34. Kg2 Nd5 35. Nxd5 Rxd5 0-1